Catalog

Record Details

Catalog Search



Keltové - výukový program pro středisko ekologické výchovy : absolventská práce Cover Image Book Book

Keltové - výukový program pro středisko ekologické výchovy : absolventská práce Ivana Handlová ; vedoucí práce Jan Dočkal

Record details

  • Physical Description: 48 s. obr., mapy

Content descriptions

Bibliography, etc. Note:
bibliogr.

Available copies

  • 2 of 2 copies available at Common Catalog SPOK.

Holds

  • 0 current holds with 2 total copies.
Show Only Available Copies
Location Call Number / Copy Notes Barcode Shelving Location Status Due Date
Jabok Library ABP-0290 424480005353 Absolventské práce Reference -
Jabok Library ABP-0291 424480005358 Depozitář - Absolv. práce Reference -

LDR 00654ntm a22 a 4500
0015426
003CZ-PrJAB
00520020429000000.0
008010126s2001 xr e |||| |cze
009cz
035 . ‡a(CONS)5426
035 . ‡aKPS0007941
040 . ‡a
0410 . ‡acze
10011. ‡76319 ‡aHandlová, Ivana
110 2. ‡aJABOK - Vyšší sociálně pedagogická a teologická škola
2451 . ‡aKeltové - výukový program pro středisko ekologické výchovy : ‡babsolventská práce ‡cIvana Handlová ; vedoucí práce Jan Dočkal
260 . ‡aPraha ‡c2001
300 . ‡a48 s. ‡bobr., mapy
504 . ‡abibliogr.
653 . ‡aKeltové ‡aekologie ‡akultura
70011. ‡72225 ‡aDočkal, Jan ‡d1940-
999 . ‡a290-d ‡c290-d ‡i424480005353 ‡l ‡tP
999 . ‡a291-d ‡c291-d ‡i424480005358 ‡l ‡tP
910 . ‡aABG312
901 . ‡a5426 ‡bUnknown ‡c5426 ‡tbiblio

Additional Resources